000
00402nam a2200145Ia 4500
008
100122s9999 xx 000 0 und d
082
_b
21660
_a
824
100
_a
खांडेकर वि स
245
_a
मंजिऱ्या
260
_b
रा.ज.देशमुख
_c
1955
300
_a
105
630
_a
मंजिऱ्या
730
_a
मंजिऱ्या
942
_c
BOOK
999
_c
409615
_d
409612